000 01219nam a2200313 i 4500
003 EG-GICUC
005 20260228130053.0
008 260205s1988 ua |||fr|||| 00| 0 ara d
017 _a540/1988
040 _a EG-GICUC
_bara
_c EG-GICUC
_d EG-GICUC
_erda
082 0 4 _221
_a343.72
_bإ د . ق
092 0 4 _221
099 _aLaw1 10 343.72 إ د . ق 1988
100 0 _aإدريس بلمحجوب
_eمؤلف.
245 1 0 _aقواعد تنفيذ العقوبات.
_nالجزء الأول،
_pالعقوبات السالبة للحرية والعقوبات المالية /
_cتأليف إدريس بلمحجوب.
264 1 _aالمغرب :
_bالمعهد الوطنى للدراسات القضائيةظ
_c1988.
300 _a400 ؛صفحة
_c24 سم.
336 _2rda content
_atext
337 _2rda media
_aComputer
338 _2rda carrier
_aOnline Resource
504 _a.385-386 ببليوجرافيا: صفحات.
546 _aالنص باللغة العربية
650 1 _aتنفيذ العقوبات
_2qrmak
650 1 _aالقانون الجنائى
_2qrmak
651 1 _2qrmak
856 4 0 _uhttps://fll.law.cu.edu.eg/fulltext/bks/B10-08023.pdf
905 _a54
942 _2ddc
_cBK
_e21
_n0
999 _c61390
_d61390